[Event "RUS-ch"]
[Site "Elista"]
[Date "1996.??.??"]
[Round "6"]
[White "Nevostrujev, Vladimir"]
[Black "Tiviakov, Sergei"]
[Result "0-1"]
[WhiteElo "2405"]
[BlackElo "2615"]
[Annotator "Schulz,Andre"]
[PlyCount "112"]
[EventDate "1996.10.15"]
[EventType "swiss"]
[EventRounds "11"]
[EventCountry "RUS"]
[SourceTitle "CBM 056"]
[Source "ChessBase"]
[SourceDate "1997.02.01"]
[SourceVersion "1"]
[SourceVersionDate "1997.02.01"]
[SourceQuality "1"]

1. e4 c5 2. Nf3 d6 3. d4 cxd4 4. Nxd4 Nf6 5. Nc3 g6 6. Be3 Bg7 7. Qd2 {Weiß
versucht den Zug f2-f3 einzusparen. Diese Idee ist öfter im klassischen System
der Sizilianischen Verteidigung zu sehen (s. Anand-Kasparov, Genf 1996). Hier
steht der B aber bereits auf g7.} Ng4 8. Bg5 h6 {Am häufigsten gespielt, aber
zweischneidig: Der Bg5 wird abgedrängt, Schwarz bekommt aber Schwierigkeiten
mit der Rochade.} (8... Nc6 $5 9. Nb3 O-O 10. f3 Nf6 (10... Nge5 $5) 11. O-O-O
Be6) 9. Bh4 Nc6 10. Nb3 Be6 11. f3 Nf6 (11... Nge5 $5) 12. O-O-O a5 (12... O-O
13. Bxf6 Bxf6 (13... exf6 14. Qxd6) 14. Qxh6) 13. Nd5 Bxd5 14. exd5 a4 (14...
Nb4 $5 15. Bxf6 Bxf6 16. a3 Na6 17. Bb5+ Kf8 18. Rhe1 Kg7) 15. dxc6 (15. Nd4
Nxd5) 15... axb3 16. cxb3 (16. Bb5 O-O $17) (16. axb3 $4 Ra1#) 16... bxc6 (
16... Rxa2 17. cxb7 $13) 17. Kb1 O-O {Schwarz hat zwar Angriff auf der a- und
b-Linie, aber das weiße Läuferpaar und das schwer zu knackende Bauerndreieck
a2,b3,b2 bieten genügend Verteidigungssresourcen.} 18. b4 (18. Bxf6 $2 Bxf6 19.
Qxh6 Qa5 20. a3 Bxb2 $40) 18... Qb6 {Dieser Zug, gefolgt von Rfb8 sieht völlig
natürlich aus. In der Folge versickert der schwarze Angriff aber so nach und
nach. Vieleicht hätte Schwarz besser eine Aufstellung Qb8 und Rb7 anstreben
sollen, um taktische Chancen gegen den Punkt b2 zu bekommen.} (18... Qd7 $5 19.
Bc4 (19. Bxf6 Qf5+) 19... Rfb8 20. a3 c5 21. b5 g5 22. Bf2 d5 23. Bxd5 $140 $2
Nxd5 24. Qxd5 Qxb5 $19) 19. Bc4 (19. Bxf6 $2 Bxf6 20. Qxh6 Bxb2 $19) 19... Rfb8
20. a3 d5 21. Bf2 Qb7 22. Bb3 Nd7 {/\ c6-c5} (22... Ne8 23. Bc5 (23. Z0 Nc7
$140 24. Z0 Nb5 25. Z0 Nxa3+)) 23. Rc1 e6 24. Rc2 Bf8 25. Rhc1 Rc8 26. Ba2 Ra6
27. Rc3 (27. Z0 Rca8 $140 28. Z0 Bxb4 $19) 27... Rca8 28. Qc2 {[%cal Rc3c6]}
Rc8 (28... Bxb4 $2 29. Rb3) 29. Rb3 {/\ b4-b5} Nb6 30. Rc3 (30. h4 $1 $132)
30... Na4 31. Rb3 {[%cal Rb4b5]} Raa8 32. Bd4 (32. h4 $5) 32... Qc7 33. g3 e5
34. Bf2 Qe7 35. Re3 (35. Rd3 $5 Z0 36. Bb3 $140) 35... Qf6 36. Bb3 d4 37. Re4
$5 {[%cal Rf3f4]} c5 $1 (37... Nb6 38. f4 $16) 38. Bxa4 cxb4 (38... Qxf3 39.
Rxe5 d3 40. Qd2 Rxa4 41. Bxc5 $18) 39. Qb3 $2 (39. Qxc8 $142 Rxc8 40. Rxc8 Qxf3
41. Rxe5 Qxf2 42. Ree8 bxa3 (42... d3 43. Rxf8+ Kg7 44. Bb3) 43. Rxf8+ Kg7 44.
bxa3 Qg1+ $13) 39... Rxc1+ 40. Kxc1 bxa3 41. bxa3 Rc8+ 42. Kb1 Rc3 43. Qb5 Rxf3
44. Be1 Rxa3 $19 45. Bc2 Bg7 46. Kb2 Ra8 47. g4 Qe7 48. Qb3 Qc7 (48... Qa7 $5
49. Kc1 Rc8 $40) 49. Kc1 Ra1+ 50. Kb2 (50. Kd2 Qa5+ $19) 50... Ra8 51. Kc1 Rb8
52. Ba5 (52. Qd3 Qa7 $40) 52... Qa7 53. Qd5 Ra8 54. Bb4 (54. Be1 Qa1+ 55. Kd2
Qc3+ $19) 54... Rb8 (54... Qa1+ $142 55. Kd2 Bf8 $1 56. Bxf8 $140 Qc3+ 57. Ke2
Qxc2+ 58. Kf3 Ra2 $19) 55. Qa5 Qb7 56. Ba3 (56. Bc5 Rc8 57. Kd2 Qd5 58. Bb4
Rxc2+ 59. Kxc2 Qxe4+ $19) 56... Rc8 (56... Rc8 57. Bc5 Qd5 58. Bb4 Qxe4 $19)
0-1

[Event "Albert m"]
[Site "Albert"]
[Date "1996.??.??"]
[Round "3"]
[White "Smyslov, Vassily V"]
[Black "Bacrot, Etienne"]
[Result "0-1"]
[WhiteElo "2510"]
[BlackElo "2470"]
[Annotator "Schulz,Andre"]
[PlyCount "84"]
[EventDate "1996.09.05"]
[EventType "match"]
[EventRounds "6"]
[EventCountry "FRA"]
[SourceTitle "CBM 056"]
[Source "ChessBase"]
[SourceDate "1997.02.01"]
[SourceVersion "1"]
[SourceVersionDate "1997.02.01"]
[SourceQuality "1"]

1. e4 {Baburin Hansen,Cu} c5 2. Nc3 Nc6 3. Nf3 d6 4. d4 cxd4 5. Nxd4 Nf6 6. Be2
{Gegenüber den Varianten mit 6.Bg5 und 6.Be3 hat dieser Zug den Nachteil, daß
man sich nach} g6 {im Drachen wiederfindet.} 7. Be3 Bg7 8. h4 $5 {Hansen,Cu:
This move was played by Alekhine in a game from 1918. However it was only
taken seriously when Smyslov played it three times in his
Worldchampionship-match against Botvinnik i 1958. About 25 years before his
opponent in this games was born!  Baburin: This combination of the Classical 
(6 Be2) system and the sharp lines with h2-h4-h5 does not look right. So hat
Smyslov schon im Weltmeisterschaftskampf gegen Botvinnik gespielt, vor 38
Jahren, zu einer Zeit also, als sich die Eltern von Bacrot wahrscheinlich noch
gar nicht kennengelernt hatten.} (8. Nb3 O-O 9. O-O {ist die Hauptvariante im
klassischen Drachen.}) 8... O-O (8... h5 9. f3 O-O 10. Qd2 d5 11. Nxc6 bxc6 12.
e5 Ne8 13. f4 f6 14. O-O-O fxe5 15. fxe5 Bxe5 16. g4 Bxg4 17. Bxg4 hxg4 18. h5
g5 19. Bxg5 Qd6 20. Rh4 Nf6 21. Bxf6 Qxf6 22. Rxg4+ Kh8 23. Kb1 Rg8 24. Rb4 a5
25. Rb6 Bxc3 26. bxc3 Rab8 27. Rxb8 Rxb8+ 28. Ka1 Rg8 29. Qe3 Rg4 30. a3 Re4
31. Qd3 Qe5 32. Kb2 Re3 33. Qd4 Qxd4 34. cxd4 Kg7 35. Rg1+ Kf7 36. h6 Rh3 37.
Rg7+ Kf6 38. Rh7 Rh4 39. Kc3 Rh3+ 40. Kb2 Rh4 {1/2-1/2 Smyslov,V-Botvinnik,M/
Wch22-Moscow 1958}) 9. h5 d5 {Die Schachlehre sagt: Beantworte eine
Flügeloperation mit einem Gegenschlag im Zentrum.} 10. hxg6 hxg6 (10... fxg6
11. exd5 Nxd5 12. Nxd5 Qxd5 13. Bf3 Qc4 14. c3 Nxd4 15. cxd4 Be6 16. Qb3 {
1/2-1/2 Smyslov,V-Botvinnik,M/Wch22-Moscow 1958}) 11. Nxc6 (11. exd5 Nxd5 12.
Nxc6 bxc6 13. Nxd5 Qxd5 14. Qxd5 cxd5 15. O-O-O Bb7 16. f4 d4 17. Bxd4 Bxg2 18.
Rhg1 Be4 19. Bxg7 Kxg7 20. Rd7 Kf6 21. Rd4 Bf5 22. Rgd1 Rac8 23. R1d2 Rc7 24.
b3 Rh8 25. Bc4 Rh3 26. Kb2 Re3 27. a4 e5 28. fxe5+ Kxe5 29. a5 Be6 30. Bxe6
Kxe6 31. Rd8 Ke7 32. Rb8 Re6 33. c4 a6 34. Kc3 f5 35. Rdd8 f4 36. Re8+ Kf6 37.
Rxe6+ Kxe6 38. Kd4 Rf7 39. Ke4 Kd6 40. Rb6+ Kc5 41. Kd3 {1-0 Smyslov,
V-Botvinnik,M/Wch22-Moscow 1958}) 11... bxc6 12. e5 {Hansen,Cu: Here Black
could obtain good play either by 12...Nd7 or 12...Ne8, but he made an
interesting decision and went for a position with doubled pawns after} Ne4 {
Sicherer als} (12... Nd7 13. f4 (13. e6 $5)) 13. Nxe4 {The problem with whites
opening-strategy - putting the e-P on e5 - is that he cannot rearly come to
any harmonously development of his heavy pieces - that is Rs and K.} (13. f4 $5
{Hansen,Cu}) 13... dxe4 14. Qxd8 {Baburin: This mistake gives Black initiative,
as he is now ahead in development and can attack the e5-pawn, using the d-file.
} (14. Qc1 Bxe5 $17) (14. Bd4 $142 {Baburin}) 14... Rxd8 15. Bf4 Be6 16. Rd1 $6
(16. b3 $142 Rd5 $140 17. Bc4) (16. O-O $5 {Hansen,Cu /\Rfd1} Rd5 $2 17. Bc4
$10) (16. b3 $5 {Baburin}) 16... Rd5 17. Rxd5 cxd5 18. Kd2 {Hansen,Cu: White
needed to take control of the central square d4.} (18. c3 $142) (18. c3 $5 $15
{Hansen,Cu}) 18... d4 19. f3 e3+ 20. Kc1 Rc8 {/\Bf5} 21. Rd1 g5 $1 (21... Bf5
$5 22. Rxd4 (22. Bd3 $2 e2 $19) (22. g4 Rxc2+ 23. Kb1 Rxe2+ 24. gxf5 g5 25.
Bxg5 Bxe5 26. Bxe7 (26. Rg1 Kf8) 26... Rg2 $19 (26... f6 27. f4)) (22. c3 dxc3
$17) 22... Rxc2+ 23. Kd1 Rxb2 24. Bc4 (24. Rd8+ {Hansen,Cu} Kh7 25. Bxe3 Bxe5
$17) 24... Rxg2 25. Rd8+ Kh7 26. Bxe3 (26. Bxf7 $2 e2+ 27. Ke1 g5 28. Be3 Bxe5
$19) 26... Bxe5 27. Bxf7 $17) 22. Bxg5 (22. Bg3 {Hansen,Cu} Bf5 $17 23. Bd3 $2
e2 $19) 22... Bxe5 23. b3 (23. Bxe7 Bf5 $40) 23... f6 (23... Bf5 24. Bc4) 24.
Bh4 Kg7 $17 25. f4 Bf5 26. c4 Bxf4 27. Rxd4 Bd6 {Hansen,Cu: Stopping whites
pawn-adwance along the diagonal f8-a3.} 28. Bf3 Rh8 29. g3 {Hansen,Cu: Forced
but now Bh4 is shut out of the game.} (29. Be1 $2 {Hansen,Cu} Rh1) 29... Rc8
30. Rd5 Be6 31. Rd3 Bc5 32. Kd1 (32. g4 {Hansen,Cu} Rh8 $17) 32... a5 33. Ke2
a4 {Hansen,Cu: Black needs to open the position so that his R can get in
behind the enemy lines and thereby support the e3-P} 34. Rd1 (34. g4 $142 {
Hansen,Cu} Rh8 35. Bg3 {/\Bf4xe3. This seems to be several tempi better than
the game-continuation.}) 34... Rb8 35. Rd3 Rb6 {Hansen,Cu: Black is waiting
for the optimal moment to play axb3. White has hardly any moves.} 36. g4 axb3
37. axb3 Ra6 38. b4 Ra2+ 39. Kd1 Bxb4 40. Rxe3 Bxc4 41. Re4 {Hansen,Cu: A
grave mistake after the time-control. White still had some chances for a draw.}
(41. g5 {Hansen,Cu} f5 42. Bg3 Kg6 $19) (41. Bg3 $142 $17 {Hansen,Cu}) 41...
Bb3+ 42. Kc1 Bd2+ (42... Bd2+ {Hansen,Cu} 43. Kb1 Bc3 $19) 0-1

[Event "Olympiad-23"]
[Site "Buenos Aires"]
[Date "1978.11.08"]
[Round "13"]
[White "Ljubojevic, Ljubomir"]
[Black "Sosonko, Gennadi"]
[Result "1/2-1/2"]
[WhiteElo "2605"]
[BlackElo "2575"]
[Annotator "Sosonko,G"]
[PlyCount "53"]
[EventDate "1978.10.25"]
[EventType "team-swiss"]
[EventRounds "14"]
[EventCountry "ARG"]
[SourceTitle "EXT 2002"]
[Source "ChessBase"]
[SourceDate "2001.11.25"]
[SourceVersion "1"]
[SourceVersionDate "2001.11.25"]
[SourceQuality "1"]
[WhiteTeam "Yugoslavia"]
[BlackTeam "Netherlands"]
[WhiteTeamCountry "YUG"]
[BlackTeamCountry "NED"]

{Inf.26/444} 1. e4 c5 2. Nf3 d6 3. d4 cxd4 4. Nxd4 Nf6 5. Nc3 g6 6. Be3 Bg7 7.
Bc4 Ng4 $5 8. Bb5+ Kf8 9. Bg5 (9. O-O Be5 $1 $17) 9... h6 (9... Qb6 $4 10.
Bxe7+ $18) 10. Bh4 g5 11. Bg3 Qb6 12. Nde2 (12. Nf5 $2 Bxf5 13. exf5 Bxc3+ 14.
bxc3 Qxb5 15. Qxg4 Nd7 $17) 12... h5 (12... Nc6 13. h3 $16) (12... a6 13. Bc4
Qxb2 14. O-O Bxc3 15. Rb1 Qa3 16. Rb3 $16) 13. h4 $1 (13. h3 h4 14. hxg4 hxg3
15. Rxh8+ Bxh8 16. fxg3 Bxg4 $17) 13... gxh4 14. Rxh4 (14. Bxh4 $2 Bf6 $19)
14... Nc6 (14... Bf6 15. Qd2 Bxh4 16. Bxh4 $40) 15. Qd2 Nd4 (15... Nce5 $2 16.
Nf4) (15... Be6 $2 16. Nf4 Nd4 17. Rxh5 Rxh5 18. Nxh5 Nxb5 19. Nxg7 $18) 16.
Nxd4 Qxd4 17. O-O-O Qxd2+ 18. Rxd2 Bf6 $1 19. Rh1 h4 20. Bf4 Be6 $11 21. Nd5 (
21. f3 Bxc3 22. bxc3 Ne5 $11) 21... Bxd5 22. exd5 Rc8 23. Rh3 (23. Bd7 $6 Rc4)
23... Ne5 24. Rb3 a6 25. Bf1 Nc4 26. Rd1 b5 27. a4 (27. a4 Na5 (27... Rc5 $11)
28. Rb4 $1) 1/2-1/2

[Event "Moscow Aeroflot op"]
[Site "Moscow"]
[Date "2002.02.07"]
[Round "5"]
[White "Inarkiev, Ernesto"]
[Black "Motylev, Alexander"]
[Result "0-1"]
[WhiteElo "2500"]
[BlackElo "2639"]
[Annotator "Wells,P"]
[PlyCount "104"]
[EventDate "2002.02.04"]
[EventType "swiss"]
[EventRounds "9"]
[EventCountry "RUS"]
[SourceTitle "CBM 088"]
[Source "ChessBase"]
[SourceDate "2002.03.21"]
[SourceVersion "1"]
[SourceVersionDate "2002.03.21"]
[SourceQuality "1"]

1. e4 c5 2. Nf3 d6 3. d4 cxd4 4. Nxd4 Nf6 5. Nc3 g6 6. Be3 Bg7 7. Be2 O-O 8. f4
Nc6 9. Nb3 Be6 10. Bf3 a5 11. a4 Bc4 12. Qd2 Qc8 13. Nd4 Ng4 14. Nxc6 bxc6 15.
Bg1 Rb8 16. b3 Ba6 17. Rb1 f5 18. exf5 Qxf5 19. h3 Nh6 20. Be3 e5 21. g4 $6 {
or what else?} exf4 $3 (21... Qd7 22. f5 $132) 22. gxf5 fxe3 23. Qxe3 Nxf5 24.
Qe6+ Kh8 25. Ne2 Rbe8 26. Qxe8 Rxe8 27. c4 Nd4 28. Kf2 Nxf3 29. Kxf3 d5 {
and black emerges with a tremendous bishop pair, and enduring threats against
white's king.} 30. Rbc1 d4 31. Rhd1 c5 32. Rd3 Bh6 33. Re1 Bb7+ 34. Kg3 Kg8 35.
h4 Re5 36. Kf2 Be3+ 37. Kg3 g5 38. hxg5 Rxg5+ 39. Kh4 Re5 40. Kg3 h6 41. Ng1
Rg5+ 42. Kh2 Rh5+ 43. Kg3 Rg5+ 44. Kh2 Bf2 45. Rf1 Rg2+ 46. Kh3 Bxg1 47. b4
cxb4 48. c5 Be3 49. Rf6 Rg1 50. c6 Bc8+ 51. Kh2 Rc1 52. Rb3 Kg7 0-1